[Event "DVM U20 2021"]
[Site "Kiel GER"]
[Date "2022.07.23"]
[Round "1"]
[White "Meiwes, Thore"]
[Black "Arnhold, Steffi"]
[Result "1-0"]
[Termination "normal"]
[Board "5.2"]
[WhiteElo "2105"]
[BlackElo "2107"]
[WhiteClock "00:32:55"]
[BlackClock "00:27:04"]
[WhiteTeam "SK Lehrte von 1919 e. V."]
[BlackTeam "SC Bavaria Regensburg von 1881 e.V."]
[PlyCount "87"]
[WhiteFideId "16201256"]
[BlackFideId "12931365"]
[EventCountry "GER"]
[EventRounds "7"]
[EventType "team-swiss"]
[EventDate "2022.07.22"]

1. d4 {[%clk 01:30:56]} {[%emt 00:00:03]} Nf6 {[%clk 01:30:52]} {[%emt
00:00:09]} 2. c4 {[%clk 01:31:08]} {[%emt 00:00:17]} c5 {[%clk 01:31:10]}
{[%emt 00:00:12]} 3. d5 {[%clk 01:31:32]} {[%emt 00:00:07]} b5 {[%clk
01:31:32]} {[%emt 00:00:08]} 4. cxb5 {[%clk 01:31:56]} {[%emt 00:00:05]} a6
{[%clk 01:31:53]} {[%emt 00:00:09]} 5. bxa6 {[%clk 01:32:21]} {[%emt 00:00:05]}
g6 {[%clk 01:32:06]} {[%emt 00:00:17]} 6. Nc3 {[%clk 01:32:32]} {[%emt
00:00:18]} Bg7 {[%clk 01:32:04]} {[%emt 00:00:33]} 7. a7 {[%clk 01:32:08]}
{[%emt 00:00:54]} Rxa7 {[%clk 01:31:21]} {[%emt 00:01:13]} 8. e4 {[%clk
01:32:30]} {[%emt 00:00:08]} O-O {[%clk 01:29:50]} {[%emt 00:02:02]} 9. Nf3
{[%clk 01:32:52]} {[%emt 00:00:07]} d6 {[%clk 01:17:22]} {[%emt 00:12:59]} 10.
Be2 {[%clk 01:33:12]} {[%emt 00:00:10]} e6 {[%clk 01:09:20]} {[%emt 00:08:32]}
11. O-O {[%clk 01:33:31]} {[%emt 00:00:10]} exd5 {[%clk 01:09:15]} {[%emt
00:00:36]} 12. exd5 {[%clk 01:33:58]} {[%emt 00:00:03]} Re8 {[%clk 01:05:13]}
{[%emt 00:04:32]} 13. Nb5 {[%clk 01:23:11]} {[%emt 00:11:15]} Rae7 {[%clk
00:58:43]} {[%emt 00:07:01]} 14. Bc4 {[%clk 01:22:21]} {[%emt 00:01:20]} Bg4
{[%clk 00:50:01]} {[%emt 00:09:13]} 15. h3 {[%clk 01:14:50]} {[%emt 00:08:00]}
Re4 {[%clk 00:35:00]} {[%emt 00:15:31]} 16. Bd3 {[%clk 01:11:42]} {[%emt
00:03:37]} Bxf3 {[%clk 00:35:20]} {[%emt 00:00:11]} 17. Qxf3 {[%clk 01:11:47]}
{[%emt 00:00:25]} Re1 {[%clk 00:23:45]} {[%emt 00:12:04]} 18. Bf4 {[%clk
00:59:53]} {[%emt 00:12:23]} Rxa1 {[%clk 00:24:08]} {[%emt 00:00:08]} 19. Rxa1
{[%clk 01:00:20]} {[%emt 00:00:02]} Nbd7 {[%clk 00:16:31]} {[%emt 00:08:07]}
20. Bxd6 {[%clk 00:50:56]} {[%emt 00:09:54]} Ne5 {[%clk 00:16:32]} {[%emt
00:00:30]} 21. Bxe5 {[%clk 00:51:11]} {[%emt 00:00:14]} Rxe5 {[%clk 00:16:55]}
{[%emt 00:00:07]} 22. Bc4 {[%clk 00:49:52]} {[%emt 00:01:49]} Qd7 {[%clk
00:15:19]} {[%emt 00:02:06]} 23. Rd1 {[%clk 00:49:04]} {[%emt 00:01:18]} Ne4
{[%clk 00:12:58]} {[%emt 00:02:52]} 24. d6 {[%clk 00:42:14]} {[%emt 00:07:19]}
Ng5 {[%clk 00:07:21]} {[%emt 00:06:08]} 25. Qa8+ {[%clk 00:36:59]} {[%emt
00:05:44]} Re8 {[%clk 00:07:30]} {[%emt 00:00:21]} 26. Qa7 {[%clk 00:35:46]}
{[%emt 00:01:42]} Qf5 {[%clk 00:06:16]} {[%emt 00:01:45]} 27. d7 {[%clk
00:32:35]} {[%emt 00:03:41]} Rd8 {[%clk 00:05:31]} {[%emt 00:01:15]} 28. Qc7
{[%clk 00:27:46]} {[%emt 00:05:18]} Bf6 {[%clk 00:04:54]} {[%emt 00:01:08]} 29.
Nc3 {[%clk 00:22:26]} {[%emt 00:05:50]} Kg7 {[%clk 00:04:19]} {[%emt 00:01:06]}
30. h4 {[%clk 00:15:27]} {[%emt 00:07:28]} Ne6 {[%clk 00:03:59]} {[%emt
00:00:50]} 31. Bxe6 {[%clk 00:15:43]} {[%emt 00:00:14]} Qxe6 {[%clk 00:04:16]}
{[%emt 00:00:13]} 32. g3 {[%clk 00:15:27]} {[%emt 00:00:47]} Qg4 {[%clk
00:03:42]} {[%emt 00:01:04]} 33. Qxc5 {[%clk 00:12:56]} {[%emt 00:03:01]} Rxd7
{[%clk 00:03:46]} {[%emt 00:00:27]} 34. Rxd7 {[%clk 00:13:15]} {[%emt
00:00:10]} Qxd7 {[%clk 00:04:13]} {[%emt 00:00:04]} 35. Qe3 {[%clk 00:10:38]}
{[%emt 00:03:05]} Qb7 {[%clk 00:02:58]} {[%emt 00:01:45]} 36. b3 {[%clk
00:08:46]} {[%emt 00:02:22]} h5 {[%clk 00:03:07]} {[%emt 00:00:22]} 37. Ne4
{[%clk 00:08:43]} {[%emt 00:00:33]} Be5 {[%clk 00:03:04]} {[%emt 00:00:34]} 38.
Ng5 {[%clk 00:07:07]} {[%emt 00:02:05]} Bf6 {[%clk 00:03:16]} {[%emt 00:00:18]}
39. Qd3 {[%clk 00:05:20]} {[%emt 00:02:16]} Qe7 {[%clk 00:02:22]} {[%emt
00:01:25]} 40. Qd5 {[%clk 00:05:19]} {[%emt 00:00:31]} Be5 {[%clk 00:00:42]}
{[%emt 00:02:11]} 41. a4 {[%clk 00:04:34]} {[%emt 00:01:14]} Bd6 {[%clk
00:29:17]} {[%emt 00:01:56]} 42. Kg2 {[%clk 00:33:59]} {[%emt 00:01:04]} f6
{[%clk 00:26:44]} {[%emt 00:03:04]} 43. Ne6+ {[%clk 00:33:09]} {[%emt
00:01:19]} Kh7 {[%clk 00:27:04]} {[%emt 00:00:11]} 44. a5 {[%clk 00:32:55]}
{[%emt 00:00:43]} 1-0

[Event "DVM U20 2021"]
[Site "Kiel GER"]
[Date "2022.07.23"]
[Round "1"]
[White "Steinhauer, Artur"]
[Black "Dornieden, Jonas"]
[Result "1-0"]
[Termination "normal"]
[Board "5.3"]
[WhiteElo "1901"]
[BlackElo "2044"]
[WhiteClock "00:41:18"]
[BlackClock "00:04:42"]
[WhiteTeam "SC Bavaria Regensburg von 1881 e.V."]
[BlackTeam "SK Lehrte von 1919 e. V."]
[PlyCount "73"]
[WhiteFideId "16263596"]
[BlackFideId "1336460"]
[EventCountry "GER"]
[EventRounds "7"]
[EventType "team-swiss"]
[EventDate "2022.07.22"]

1. e4 {[%clk 01:30:56]} {[%emt 00:00:03]} c5 {[%clk 01:30:54]} {[%emt
00:00:06]} 2. Nf3 {[%clk 01:31:22]} {[%emt 00:00:04]} Nc6 {[%clk 01:31:20]}
{[%emt 00:00:05]} 3. d4 {[%clk 01:31:48]} {[%emt 00:00:04]} cxd4 {[%clk
01:31:45]} {[%emt 00:00:06]} 4. Nxd4 {[%clk 01:32:14]} {[%emt 00:00:03]} Nf6
{[%clk 01:32:07]} {[%emt 00:00:07]} 5. Nc3 {[%clk 01:32:39]} {[%emt 00:00:05]}
e5 {[%clk 01:32:29]} {[%emt 00:00:09]} 6. Ndb5 {[%clk 01:33:01]} {[%emt
00:00:08]} d6 {[%clk 01:32:52]} {[%emt 00:00:07]} 7. Bg5 {[%clk 01:33:17]}
{[%emt 00:00:13]} a6 {[%clk 01:33:15]} {[%emt 00:00:06]} 8. Na3 {[%clk
01:33:43]} {[%emt 00:00:04]} b5 {[%clk 01:33:39]} {[%emt 00:00:06]} 9. Nd5
{[%clk 01:34:08]} {[%emt 00:00:05]} Be7 {[%clk 01:34:00]} {[%emt 00:00:09]} 10.
Bxf6 {[%clk 01:34:34]} {[%emt 00:00:05]} Bxf6 {[%clk 01:34:23]} {[%emt
00:00:07]} 11. c3 {[%clk 01:34:59]} {[%emt 00:00:04]} Ne7 {[%clk 01:34:47]}
{[%emt 00:00:06]} 12. Nxf6+ {[%clk 01:33:34]} {[%emt 00:01:56]} gxf6 {[%clk
01:35:10]} {[%emt 00:00:07]} 13. Nc2 {[%clk 01:31:34]} {[%emt 00:02:30]} Bb7
{[%clk 01:35:33]} {[%emt 00:00:07]} 14. Bd3 {[%clk 01:31:28]} {[%emt 00:00:36]}
d5 {[%clk 01:35:50]} {[%emt 00:00:13]} 15. Qe2 {[%clk 01:26:39]} {[%emt
00:05:19]} f5 {[%clk 01:34:55]} {[%emt 00:01:25]} 16. f3 {[%clk 01:24:41]}
{[%emt 00:02:28]} fxe4 {[%clk 01:26:44]} {[%emt 00:08:41]} 17. fxe4 {[%clk
01:25:03]} {[%emt 00:00:09]} dxe4 {[%clk 01:22:37]} {[%emt 00:04:38]} 18. Bxe4
{[%clk 01:25:25]} {[%emt 00:00:08]} Bxe4 {[%clk 01:22:41]} {[%emt 00:00:26]}
19. Qxe4 {[%clk 01:25:51]} {[%emt 00:00:03]} Qd5 {[%clk 01:22:12]} {[%emt
00:00:59]} 20. Qe2 {[%clk 01:20:47]} {[%emt 00:05:34]} Rg8 {[%clk 01:02:24]}
{[%emt 00:20:17]} 21. O-O {[%clk 01:13:25]} {[%emt 00:07:53]} Rd8 {[%clk
00:47:45]} {[%emt 00:15:09]} 22. Rad1 {[%clk 01:04:21]} {[%emt 00:09:34]} Qc5+
{[%clk 00:46:14]} {[%emt 00:02:01]} 23. Kh1 {[%clk 01:04:37]} {[%emt 00:00:14]}
Rxd1 {[%clk 00:44:00]} {[%emt 00:02:43]} 24. Rxd1 {[%clk 01:04:56]} {[%emt
00:00:12]} Rg6 {[%clk 00:40:00]} {[%emt 00:04:31]} 25. Qd2 {[%clk 00:58:09]}
{[%emt 00:07:17]} Qc7 {[%clk 00:36:29]} {[%emt 00:04:01]} 26. Nb4 {[%clk
00:54:32]} {[%emt 00:04:07]} Re6 {[%clk 00:31:06]} {[%emt 00:05:53]} 27. Qd3
{[%clk 00:42:46]} {[%emt 00:12:17]} e4 {[%clk 00:26:22]} {[%emt 00:05:14]} 28.
Qd4 {[%clk 00:42:37]} {[%emt 00:00:38]} f6 {[%clk 00:23:17]} {[%emt 00:03:35]}
29. Nd5 {[%clk 00:40:27]} {[%emt 00:02:41]} Nxd5 {[%clk 00:11:27]} {[%emt
00:12:20]} 30. Qxd5 {[%clk 00:40:51]} {[%emt 00:00:05]} Kf7 {[%clk 00:11:33]}
{[%emt 00:00:24]} 31. Qf5 {[%clk 00:40:06]} {[%emt 00:01:16]} Re7 {[%clk
00:04:59]} {[%emt 00:07:04]} 32. Qxh7+ {[%clk 00:40:11]} {[%emt 00:00:25]} Kf8
{[%clk 00:05:09]} {[%emt 00:00:20]} 33. Rd8+ {[%clk 00:39:37]} {[%emt
00:01:05]} Qxd8 {[%clk 00:05:19]} {[%emt 00:00:20]} 34. Qh8+ {[%clk 00:40:03]}
{[%emt 00:00:04]} Kf7 {[%clk 00:05:43]} {[%emt 00:00:06]} 35. Qxd8 {[%clk
00:40:29]} {[%emt 00:00:04]} e3 {[%clk 00:04:39]} {[%emt 00:01:34]} 36. Kg1
{[%clk 00:40:51]} {[%emt 00:00:08]} e2 {[%clk 00:04:42]} {[%emt 00:00:27]} 37.
Qxe7+ {[%clk 00:41:18]} {[%emt 00:00:03]} 1-0

[Event "DVM U20 2021"]
[Site "Kiel GER"]
[Date "2022.07.23"]
[Round "1"]
[White "Reimer, Philip"]
[Black "Aumüller, Naum"]
[Result "1/2-1/2"]
[Termination "normal"]
[Board "5.4"]
[WhiteElo "2001"]
[BlackElo "1841"]
[WhiteClock "00:10:28"]
[BlackClock "00:05:26"]
[WhiteTeam "SK Lehrte von 1919 e. V."]
[BlackTeam "SC Bavaria Regensburg von 1881 e.V."]
[PlyCount "107"]
[WhiteFideId "16235860"]
[BlackFideId "16263960"]
[EventCountry "GER"]
[EventRounds "7"]
[EventType "team-swiss"]
[EventDate "2022.07.22"]

1. e4 {[%clk 01:30:57]} {[%emt 00:00:02]} e5 {[%clk 01:30:57]} {[%emt
00:00:04]} 2. Nf3 {[%clk 01:31:20]} {[%emt 00:00:06]} Nc6 {[%clk 01:31:22]}
{[%emt 00:00:04]} 3. Bc4 {[%clk 01:31:44]} {[%emt 00:00:06]} Bc5 {[%clk
01:31:48]} {[%emt 00:00:05]} 4. Nc3 {[%clk 01:32:02]} {[%emt 00:00:12]} Nf6
{[%clk 01:31:37]} {[%emt 00:00:42]} 5. d3 {[%clk 01:32:24]} {[%emt 00:00:07]}
d6 {[%clk 01:31:31]} {[%emt 00:00:37]} 6. Na4 {[%clk 01:32:46]} {[%emt
00:00:07]} Bb6 {[%clk 01:30:20]} {[%emt 00:01:41]} 7. Nxb6 {[%clk 01:33:09]}
{[%emt 00:00:07]} axb6 {[%clk 01:30:39]} {[%emt 00:00:11]} 8. c3 {[%clk
01:33:33]} {[%emt 00:00:05]} Na5 {[%clk 01:20:47]} {[%emt 00:10:22]} 9. Bb5+
{[%clk 01:33:48]} {[%emt 00:00:15]} Bd7 {[%clk 01:19:37]} {[%emt 00:01:40]} 10.
Bxd7+ {[%clk 01:34:06]} {[%emt 00:00:12]} Qxd7 {[%clk 01:19:37]} {[%emt
00:00:30]} 11. O-O {[%clk 01:26:26]} {[%emt 00:08:10]} O-O {[%clk 01:16:56]}
{[%emt 00:03:12]} 12. a4 {[%clk 01:22:05]} {[%emt 00:04:51]} Nc6 {[%clk
01:12:46]} {[%emt 00:04:41]} 13. b4 {[%clk 01:20:59]} {[%emt 00:01:36]} b5
{[%clk 01:08:34]} {[%emt 00:04:42]} 14. Bg5 {[%clk 01:12:39]} {[%emt 00:08:50]}
bxa4 {[%clk 01:03:02]} {[%emt 00:06:03]} 15. Bxf6 {[%clk 01:01:23]} {[%emt
00:11:45]} gxf6 {[%clk 01:03:19]} {[%emt 00:00:13]} 16. Nh4 {[%clk 00:44:03]}
{[%emt 00:17:50]} Ne7 {[%clk 00:52:44]} {[%emt 00:11:05]} 17. Qh5 {[%clk
00:39:25]} {[%emt 00:05:08]} Ng6 {[%clk 00:43:54]} {[%emt 00:09:21]} 18. Nf5
{[%clk 00:38:01]} {[%emt 00:01:53]} Kh8 {[%clk 00:40:31]} {[%emt 00:03:52]} 19.
Rae1 {[%clk 00:14:31]} {[%emt 00:24:00]} Rg8 {[%clk 00:33:55]} {[%emt
00:07:07]} 20. Kh1 {[%clk 00:08:23]} {[%emt 00:06:38]} Nf4 {[%clk 00:25:59]}
{[%emt 00:08:26]} 21. Qh4 {[%clk 00:08:52]} Qe6 {[%clk 00:24:45]} {[%emt
00:01:43]} 22. g3 {[%clk 00:05:16]} {[%emt 00:04:06]} Ng6 {[%clk 00:22:53]}
{[%emt 00:02:23]} 23. Qh5 {[%clk 00:04:06]} {[%emt 00:01:40]} Ne7 {[%clk
00:17:23]} {[%emt 00:06:00]} 24. Nh6 {[%clk 00:04:29]} {[%emt 00:00:06]} Rg7
{[%clk 00:17:49]} {[%emt 00:00:05]} 25. f4 {[%clk 00:03:33]} {[%emt 00:01:26]}
a3 {[%clk 00:14:07]} {[%emt 00:04:12]} 26. d4 {[%clk 00:01:53]} {[%emt
00:02:10]} exd4 {[%clk 00:13:22]} {[%emt 00:01:15]} 27. cxd4 {[%clk 00:02:22]}
f5 {[%clk 00:10:29]} {[%emt 00:03:23]} 28. Nxf5 {[%clk 00:01:24]} {[%emt
00:01:27]} Nxf5 {[%clk 00:10:49]} {[%emt 00:00:10]} 29. Qxf5 {[%clk 00:01:48]}
{[%emt 00:00:06]} Qxf5 {[%clk 00:09:16]} {[%emt 00:02:03]} 30. exf5 {[%clk
00:02:17]} {[%emt 00:00:01]} f6 {[%clk 00:07:40]} {[%emt 00:02:06]} 31. Re3
{[%clk 00:02:01]} {[%emt 00:00:45]} Ra4 {[%clk 00:06:50]} {[%emt 00:01:21]} 32.
Ra1 {[%clk 00:01:24]} {[%emt 00:01:06]} Rxb4 {[%clk 00:05:49]} {[%emt
00:01:32]} 33. Raxa3 {[%clk 00:01:47]} {[%emt 00:00:07]} Rxd4 {[%clk 00:05:24]}
{[%emt 00:00:55]} 34. Re8+ {[%clk 00:01:18]} {[%emt 00:00:57]} Rg8 {[%clk
00:05:53]} {[%emt 00:00:02]} 35. Re7 {[%clk 00:00:58]} {[%emt 00:00:51]} Rc8
{[%clk 00:03:44]} {[%emt 00:02:38]} 36. Rae3 {[%clk 00:01:01]} {[%emt
00:00:26]} Rd2 {[%clk 00:02:55]} {[%emt 00:01:20]} 37. Re8+ {[%clk 00:00:33]}
{[%emt 00:00:58]} Rxe8 {[%clk 00:03:06]} {[%emt 00:00:20]} 38. Rxe8+ {[%clk
00:01:01]} {[%emt 00:00:01]} Kg7 {[%emt 00:00:40]} 39. Re7+ Kg8 {[%clk
00:03:00]} {[%emt 00:00:28]} 40. Rxc7 {[%clk 00:01:58]} {[%emt 00:00:02]} b5
{[%clk 00:02:20]} {[%emt 00:01:10]} 41. Rb7 {[%clk 00:28:50]} {[%emt 00:03:37]}
Rd5 {[%clk 00:19:39]} {[%emt 00:13:11]} 42. Kg2 {[%clk 00:29:08]} {[%emt
00:00:12]} Rxf5 {[%clk 00:19:00]} {[%emt 00:01:09]} 43. Kf3 {[%clk 00:29:25]}
{[%emt 00:00:13]} Rc5 {[%clk 00:18:10]} {[%emt 00:01:20]} 44. Ke4 {[%clk
00:26:21]} {[%emt 00:03:33]} h5 {[%clk 00:15:23]} {[%emt 00:03:17]} 45. Rd7
{[%clk 00:17:23]} {[%emt 00:09:28]} f5+ {[%clk 00:13:48]} {[%emt 00:02:06]} 46.
Kd4 {[%clk 00:17:17]} {[%emt 00:00:35]} Rc2 {[%clk 00:12:51]} {[%emt 00:01:27]}
47. Kd5 {[%clk 00:14:23]} {[%emt 00:03:25]} Rxh2 {[%clk 00:11:38]} {[%emt
00:01:44]} 48. Rb7 {[%clk 00:11:48]} {[%emt 00:03:04]} Rg2 {[%clk 00:10:18]}
{[%emt 00:01:50]} 49. Kxd6 {[%clk 00:11:33]} {[%emt 00:00:45]} Rxg3 {[%clk
00:09:56]} {[%emt 00:00:52]} 50. Rxb5 {[%clk 00:11:44]} {[%emt 00:00:18]} h4
{[%clk 00:07:21]} {[%emt 00:03:06]} 51. Rxf5 {[%clk 00:10:52]} {[%emt
00:01:21]} Kg7 {[%emt 00:01:04]} 52. Rh5 {[%clk 00:10:26]} {[%emt 00:00:45]}
Kg6 {[%clk 00:05:04]} {[%emt 00:02:24]} 53. Rxh4 {[%clk 00:10:23]} {[%emt
00:00:33]} Kf5 {[%clk 00:05:26]} {[%emt 00:00:09]} 54. Rh1 {[%clk 00:10:28]}
{[%emt 00:00:24]} 1/2-1/2

[Event "DVM U20 2021"]
[Site "Kiel GER"]
[Date "2022.07.23"]
[Round "1"]
[White "Pavlov, Liliane"]
[Black "Niemann, Leon"]
[Result "0-1"]
[Termination "normal"]
[Board "5.5"]
[WhiteElo "1758"]
[BlackElo "1741"]
[WhiteClock "00:03:11"]
[BlackClock "00:04:08"]
[WhiteTeam "SC Bavaria Regensburg von 1881 e.V."]
[BlackTeam "SK Lehrte von 1919 e. V."]
[PlyCount "64"]
[WhiteFideId "16225449"]
[BlackFideId "16218388"]
[EventCountry "GER"]
[EventRounds "7"]
[EventType "team-swiss"]
[EventDate "2022.07.22"]

1. d4 {[%clk 01:30:57]} {[%emt 00:00:02]} Nf6 {[%clk 01:30:40]} {[%emt
00:00:20]} 2. c4 {[%clk 01:31:17]} {[%emt 00:00:10]} c5 {[%clk 01:30:55]}
{[%emt 00:00:15]} 3. d5 {[%clk 01:31:36]} {[%emt 00:00:11]} b5 {[%clk
01:31:14]} {[%emt 00:00:12]} 4. cxb5 {[%clk 01:31:57]} {[%emt 00:00:09]} a6
{[%clk 01:31:39]} {[%emt 00:00:05]} 5. bxa6 {[%clk 01:32:17]} {[%emt 00:00:10]}
g6 {[%clk 01:32:03]} {[%emt 00:00:07]} 6. Nc3 {[%clk 01:27:13]} {[%emt
00:05:33]} Bg7 {[%clk 01:31:23]} {[%emt 00:01:10]} 7. e4 {[%clk 01:25:15]}
{[%emt 00:02:28]} O-O {[%clk 01:31:42]} {[%emt 00:00:11]} 8. f4 {[%clk
01:16:29]} {[%emt 00:09:16]} Qa5 {[%clk 01:24:40]} {[%emt 00:07:32]} 9. Bd2
{[%clk 01:14:47]} {[%emt 00:02:12]} d6 {[%clk 01:21:44]} {[%emt 00:03:26]} 10.
h3 {[%clk 01:07:59]} {[%emt 00:07:18]} Bxa6 {[%clk 01:17:50]} {[%emt 00:04:25]}
11. Bxa6 {[%clk 01:06:32]} {[%emt 00:01:56]} Nxa6 {[%clk 01:16:42]} {[%emt
00:01:38]} 12. a3 {[%clk 01:05:18]} {[%emt 00:01:44]} Nb4 {[%clk 01:07:16]}
{[%emt 00:09:55]} 13. Rb1 {[%clk 00:57:39]} {[%emt 00:08:08]} Nd3+ {[%clk
01:04:38]} {[%emt 00:03:09]} 14. Kf1 {[%clk 00:57:05]} {[%emt 00:01:03]} Qa6
{[%clk 00:57:59]} {[%emt 00:07:09]} 15. Nge2 {[%clk 00:50:18]} {[%emt
00:07:17]} Rfb8 {[%clk 00:51:54]} {[%emt 00:06:36]} 16. Qc2 {[%clk 00:45:37]}
{[%emt 00:05:10]} c4 {[%clk 00:46:40]} {[%emt 00:05:44]} 17. Be3 {[%clk
00:40:54]} {[%emt 00:05:13]} e6 {[%clk 00:43:03]} {[%emt 00:04:08]} 18. dxe6
{[%clk 00:27:47]} {[%emt 00:13:37]} fxe6 {[%clk 00:43:16]} {[%emt 00:00:17]}
19. Nd4 {[%clk 00:26:42]} {[%emt 00:01:34]} d5 {[%clk 00:37:59]} {[%emt
00:05:49]} 20. e5 {[%clk 00:22:44]} {[%emt 00:04:27]} Nh5 {[%clk 00:37:18]}
{[%emt 00:01:11]} 21. Nde2 {[%clk 00:19:51]} {[%emt 00:03:23]} Rf8 {[%clk
00:35:54]} {[%emt 00:01:54]} 22. g3 {[%clk 00:16:31]} {[%emt 00:03:50]} Bxe5
{[%clk 00:34:44]} {[%emt 00:01:40]} 23. Kg2 {[%clk 00:16:28]} {[%emt 00:00:32]}
Bg7 {[%clk 00:31:07]} {[%emt 00:04:07]} 24. Rhf1 {[%clk 00:11:16]} {[%emt
00:05:42]} Rab8 {[%clk 00:17:13]} {[%emt 00:14:25]} 25. g4 {[%clk 00:09:06]}
{[%emt 00:02:40]} Nf6 {[%clk 00:14:38]} {[%emt 00:03:06]} 26. Nc1 {[%clk
00:08:03]} {[%emt 00:01:33]} Ne4 {[%clk 00:08:13]} {[%emt 00:06:54]} 27. Nxe4
{[%clk 00:06:25]} {[%emt 00:02:07]} dxe4 {[%clk 00:08:32]} {[%emt 00:00:12]}
28. Nxd3 {[%clk 00:06:37]} {[%emt 00:00:19]} exd3 {[%clk 00:08:29]} {[%emt
00:00:33]} 29. Qd2 {[%clk 00:06:23]} {[%emt 00:00:43]} Rb3 {[%clk 00:07:42]}
{[%emt 00:01:18]} 30. Qf2 {[%clk 00:03:44]} {[%emt 00:03:08]} Rfb8 {[%clk
00:05:21]} {[%emt 00:02:51]} 31. Bd4 {[%clk 00:03:37]} {[%emt 00:00:37]} c3
{[%clk 00:04:10]} {[%emt 00:01:41]} 32. Bxg7 {[%clk 00:03:11]} {[%emt
00:00:55]} Rxb2 {[%clk 00:04:08]} {[%emt 00:00:32]} 0-1

[Event "DVM U20 2021"]
[Site "Kiel GER"]
[Date "2022.07.23"]
[Round "1"]
[White "Kieselbach, Jannik"]
[Black "Neugirg, Mika"]
[Result "1-0"]
[Termination "normal"]
[Board "5.6"]
[WhiteElo "1632"]
[BlackElo "1553"]
[WhiteClock "00:58:43"]
[BlackClock "00:27:38"]
[WhiteTeam "SK Lehrte von 1919 e. V."]
[BlackTeam "SC Bavaria Regensburg von 1881 e.V."]
[PlyCount "73"]
[WhiteFideId "16246403"]
[BlackFideId "34619160"]
[EventCountry "GER"]
[EventRounds "7"]
[EventType "team-swiss"]
[EventDate "2022.07.22"]

1. e4 {[%clk 01:30:57]} {[%emt 00:00:02]} c6 {[%clk 01:30:52]} {[%emt
00:00:09]} 2. d4 {[%clk 01:31:21]} {[%emt 00:00:06]} d5 {[%clk 01:31:16]}
{[%emt 00:00:05]} 3. exd5 {[%clk 01:31:43]} {[%emt 00:00:09]} cxd5 {[%clk
01:31:34]} {[%emt 00:00:11]} 4. c4 {[%clk 01:32:10]} {[%emt 00:00:04]} Nf6
{[%clk 01:31:47]} {[%emt 00:00:16]} 5. Nc3 {[%clk 01:32:33]} {[%emt 00:00:07]}
Nc6 {[%clk 01:32:10]} {[%emt 00:00:07]} 6. Nf3 {[%clk 01:32:06]} {[%emt
00:00:56]} a6 {[%clk 01:32:31]} {[%emt 00:00:09]} 7. Be2 {[%clk 01:31:46]}
{[%emt 00:00:50]} g6 {[%clk 01:31:54]} {[%emt 00:01:08]} 8. O-O {[%clk
01:28:13]} {[%emt 00:04:02]} Bg7 {[%clk 01:31:11]} {[%emt 00:01:13]} 9. Bf4
{[%clk 01:27:03]} {[%emt 00:01:40]} O-O {[%clk 01:29:15]} {[%emt 00:02:26]} 10.
Rc1 {[%clk 01:25:53]} {[%emt 00:01:40]} Bf5 {[%clk 01:26:42]} {[%emt 00:03:04]}
11. cxd5 {[%clk 01:23:08]} {[%emt 00:03:15]} Nxd5 {[%clk 01:26:14]} {[%emt
00:00:58]} 12. Nxd5 {[%clk 01:22:24]} {[%emt 00:01:14]} Qxd5 {[%clk 01:26:30]}
{[%emt 00:00:13]} 13. Bc4 {[%clk 01:21:45]} {[%emt 00:01:09]} Qe4 {[%clk
01:22:05]} {[%emt 00:04:54]} 14. Be3 {[%clk 01:20:52]} {[%emt 00:01:24]} Bg4
{[%clk 01:17:36]} {[%emt 00:04:58]} 15. Be2 {[%clk 01:18:49]} {[%emt 00:02:35]}
Qd5 {[%clk 01:12:06]} {[%emt 00:05:59]} 16. h3 {[%clk 01:18:38]} {[%emt
00:00:42]} Bxf3 {[%clk 01:08:47]} {[%emt 00:03:48]} 17. Bxf3 {[%clk 01:18:49]}
{[%emt 00:00:19]} Qxa2 {[%clk 01:06:36]} {[%emt 00:02:41]} 18. Bxc6 {[%clk
01:18:55]} {[%emt 00:00:24]} bxc6 {[%clk 01:06:47]} {[%emt 00:00:19]} 19. Qe2
{[%clk 01:13:32]} {[%emt 00:05:53]} Qd5 {[%clk 01:05:37]} {[%emt 00:01:40]} 20.
Rc5 {[%clk 01:13:08]} {[%emt 00:00:55]} Qe6 {[%clk 01:05:23]} {[%emt 00:00:42]}
21. Qc2 {[%clk 01:13:12]} {[%emt 00:00:28]} Rfc8 {[%clk 00:51:58]} {[%emt
00:13:52]} 22. Rc1 {[%clk 01:13:13]} {[%emt 00:00:31]} Rab8 {[%clk 00:50:46]}
{[%emt 00:01:41]} 23. d5 {[%clk 01:11:06]} {[%emt 00:02:39]} Qf6 {[%clk
00:47:32]} {[%emt 00:03:41]} 24. Rxc6 {[%clk 01:06:14]} {[%emt 00:05:25]} Rxc6
{[%clk 00:47:21]} {[%emt 00:00:40]} 25. dxc6 {[%clk 01:06:06]} {[%emt
00:00:40]} Rc8 {[%clk 00:47:11]} {[%emt 00:00:39]} 26. Qa4 {[%clk 01:02:37]}
{[%emt 00:03:59]} Qe6 {[%clk 00:42:56]} {[%emt 00:04:44]} 27. b4 {[%clk
01:00:44]} {[%emt 00:02:26]} Bb2 {[%clk 00:27:09]} {[%emt 00:16:16]} 28. Rc2
{[%clk 01:00:31]} {[%emt 00:00:42]} Qe4 {[%clk 00:26:59]} {[%emt 00:00:39]} 29.
Rxb2 {[%clk 00:57:30]} {[%emt 00:03:32]} Qxc6 {[%clk 00:26:49]} {[%emt
00:00:41]} 30. Qxc6 {[%clk 00:57:43]} {[%emt 00:00:17]} Rxc6 {[%clk 00:27:12]}
{[%emt 00:00:07]} 31. Kf1 {[%clk 00:57:18]} {[%emt 00:00:56]} f5 {[%clk
00:27:17]} {[%emt 00:00:25]} 32. Ke2 {[%clk 00:57:13]} {[%emt 00:00:35]} Kf7
{[%clk 00:27:17]} {[%emt 00:00:29]} 33. Kd3 {[%clk 00:57:34]} {[%emt 00:00:10]}
Ke6 {[%clk 00:27:23]} {[%emt 00:00:24]} 34. Rc2 {[%clk 00:57:46]} {[%emt
00:00:18]} Rxc2 {[%clk 00:27:06]} {[%emt 00:00:48]} 35. Kxc2 {[%clk 00:58:08]}
{[%emt 00:00:08]} Kd5 {[%clk 00:27:28]} {[%emt 00:00:07]} 36. Kb3 {[%clk
00:58:29]} {[%emt 00:00:10]} Kc6 {[%clk 00:27:38]} {[%emt 00:00:20]} 37. Ka4
{[%clk 00:58:43]} {[%emt 00:00:16]} 1-0